Biblioteca

Noviazgo, tiempo de gracia : (Registro nro. 32664)

Detalles MARC
000 -LÍDER
Campo fijo de descripción fija 01818aam a2200337 i 4500
001 - NÚMERO DE CONTROL
Campo de control 768714001
003 - IDENTIFICADOR DEL NÚMERO DE CONTROL
Campo de control CO-MdFUSB
005 - FECHA Y HORA DE LA ULTIMA TRANSACCIÓN
control field 20210715164543.0
007 - CAMPO FIJO DE DESCRIPCIÓN FIJA--INFORMACIÓN GENERAL
Campo fijo de descripción fija ta
008 - ELEMENTOS DE LONGITUD FIJA -- INFORMACIÓN GENERAL
Campo fijo de descripción fija -- Información general 210715t1994 ag |||| |||| 00| 0 spa d
020 ## - NÚMERO INTERNACIONAL NORMALIZADO PARA LIBROS
Número Internacional Normalizado del libro 9508610859
040 ## - FUENTE DE CATALOGACIÓN
Idioma de catalogación spa.
Agencia de catalogación original CO-MdFUSB
Agencia que realiza la transcripción CO-MdFUSB
Agencia que realiza la modificación CO-MdFUSBC
Convenciones de la descripción rda
041 ## - CÓDIGO DE IDIOMA
Código de idioma para texto/pista de sonido o título separado spa
Código de idioma original por
082 04 - NÚMERO DE CLASIFICACIÓN DECIMAL DEWEY
Número de clasificación 177
Número de la edición del Dewey 23
Clave de autor-Numero de item M3861n
110 ## - ASIENTO PRINCIPAL--NOMBRE CORPORATIVO
Nombre corporativo o de jurisdicción como elemento de entrada Acción Católica de Milán,
240 ## - TITULO UNIFORME
Título uniforme <a href="Fidanzamento tempo di grazia">Fidanzamento tempo di grazia</a>
245 10 - TÍTULO
Título del Material Noviazgo, tiempo de gracia :
Parte restante del título - Subtitulo un itinerario educativo
Mención de responsabilidad, etc. / Acción Católica de Milán ; traducido por Guido B. A. Dolzani
264 #1 - PRODUCCIÓN, PUBLICACIÓN, DISTRIBUCIÓN, MANUFACTURA, Y COPYRIGHT
Lugar de producción, publicación, distribución, manufactura Buenos Aires, Argentina :
Nombre del productor, publicador, distribuidor San Pablo,
Fecha de producción, publicación, distribución, manufactura, o copyright [1994]
264 #4 - PRODUCCIÓN, PUBLICACIÓN, DISTRIBUCIÓN, MANUFACTURA, Y COPYRIGHT
Fecha de producción, publicación, distribución, manufactura, o copyright © 1994
300 ## - DESCRIPCIÓN FÍSICA
Extensión 217 Páginas
Dimensiones ; 20 cm
336 ## - TIPO DE CONTENIDO
Término de tipo de contenido texto
Código de tipo de contenido txt
Fuente rdacontent
337 ## - TIPO DE MEDIO
Fuente rdamedia
Nombre del tipo de medio sin mediación
Código del tipo de medio n
338 ## - TIPO DE SOPORTE
Fuente rdacarrier
Nombre del tipo de soporte volumen
Código Tipo de soporte nc
490 ## - MENCIÓN DE SERIE
Mención de serie Fundamentos 3,
505 ## - NOTA DE CONTENIDO
Nota de contenido con formato preestablecido La realidad de la pareja -- Valores humanos para vivir en el noviazgo -- Las dinámicas de la pareja -- Noviazgo un tiempo para entenderse y para soñar -- Educarse en la fidelidad -- Noviazgo: tiempo de gracia -- La dimensión bíblica -- El génesis -- los profetas -- El cantar de los cantares -- El evangelio -- San Pablo -- Magisterio de la iglesia y el noviazgo -- Dimensión sacramental -- Reconciliación -- Eucaristía -- Matrimonio -- El amor de los novios -- La dimensión espiritual -- La oración -- La pobreza -- La castidad en la espiritualidad de los novios -- Las relaciones prematrimoniales -- Nosotros dos y los demás -- Abiertos a la vida -- El servicio a la vida -- Aprendizaje de los métodos naturales -- Los novios en la iglesia y en el mundo.
563 ## - NOTA DE ENCUADERNACIÓN
Nota de encuadernación Rústico
653 ## - TÉRMINO DE INDIZACIÓN - NO CONTROLADO
Término no controlado Ética de las relaciones sociales
700 ## - ASIENTO SECUNDARIO - NOMBRE PERSONAL
9 (RLIN) 5383
Nombre personal Dolzani, Guido B. A.
Responsabilidad traductor
942 ## - TIPO DE MATERIAL (KOHA)
Tipo de Item KOHA Libros General
945 ## - INFORMACIÓN LOCAL DEL REGISTRO
Catalogador JTF-925
Existencias
Estado de Material Estado de Perdido Estado de Dañado No para Préstamo Colección Tomo Biblioteca de Origen Biblioteca Permanente Fecha de Adquisición Total de Préstamos Total de Renovaciones Signatura Topográfica Código de Barras Última vez visto Última vez Préstado Ejemplar/Existencia Fecha de Remplazo Tipo de Material
        Colección General   Biblioteca FUSBC Biblioteca FUSBC 13/10/2004 8 1 G 177 M3861n 809 27/09/2022 08/05/2019 1 26/01/2016 Libros General

Biblioteca FUSBC | Teléfono: (57+4) 349 88 10 Ext. 141| WhatsApp (+57) 3005338115 
E-mail: biblioteca@unisbc.edu.co | Calle 76 87-14 Robledo Palenque, Medellín, Colombia

Con tecnología Koha